000 00667nam a2200229Ia 4500
003 OSt
005 20220918210249.0
006 a|||||r|||| 00| 0
007 ta
008 220917b |||||||| |||| 00| 0 eng d
024 _a119,868
037 _cTextual
040 _aARTS
_cARTS
_beng
041 _2eng
_aeng
082 _aV73:19(zE).N5, L6
100 _aBogart Leo
_9117656
245 0 _aPremises for propaganda
_b the United States information agency's operating assumptions in the cold war
260 _aN.Y
_bFree press
_c1976
650 _aHISTORY
942 _hV73:19(zE).N5, L6
_cTEXL
_2CC
999 _c243127
_d243127